IAS 36 - Zníženie hodnoty majetku

Čistá predajná cena. Použiteľná hodnota. Diskontná sadzba. Vykazovanie a oceňovanie straty zo zníženia hodnoty. Jednotka majetku. Goodwill - vysvetlenie pojmu. Strata zo zníženia hodnoty. Zrušenie straty zo zníženia hodnoty. Zverejňovanie v účtovnej závierke. Príklady.

Salvato in:
Dettagli Bibliografici
Autore principale: Kareš, Ladislav
Natura: Capitolo di libro
Lingua:slovacco
Soggetti:
Tags: Aggiungi Tag
Nessun Tag, puoi essere il primo ad aggiungerne!!

MARC

LEADER 00000naa a2200000 4500
001 r046692
005 20231002074753.8
041 0 |a slo 
044 |a SK 
245 1 0 |a IAS 36 - Zníženie hodnoty majetku  |c Ladislav Kareš 
520 |a Čistá predajná cena. Použiteľná hodnota. Diskontná sadzba. Vykazovanie a oceňovanie straty zo zníženia hodnoty. Jednotka majetku. Goodwill - vysvetlenie pojmu. Strata zo zníženia hodnoty. Zrušenie straty zo zníženia hodnoty. Zverejňovanie v účtovnej závierke. Príklady. 
610 2 0 |a štandardy účtovné medzinárodné 
610 2 0 |a hodnota 
610 2 0 |a majetok 
610 2 0 |a ceny predajné 
610 2 0 |a sadzby diskontné 
610 2 0 |a strata 
610 2 0 |a goodwill 
610 2 0 |a IAS 36 
100 1 |a Kareš, Ladislav